000 00783nas a2200265 4500
001 BR9510068
003 BR-BrBNA
005 20231205095538.0
007 ta
008 230509b bl.|||p| |||| 00| 00por d
040 _aBR-BrBNA
_bpor
_cBiblioteca Nacional de Agricultura
041 _a(En)
072 _aH60; F60
100 1 _aDias Filho, M.B.
245 1 _aRoot and shoot growth in response to soil drying in four Amazonian weedy species
650 _aErva Daninha
650 _aCrescimento
650 _aRaiz
650 _aFolha
650 _aStress
650 _aAmazonia
773 0 _tRevista Brasileira de Fisiologia Vegetal (Brazil)
_xISSN 0103-3131
_g(Jun 1995), v. 7(1) p. 53-59
_wBR9510068
909 _a202311
_bLúcia
_c55
_dLúcia Elande
942 _2AGRIS
_n0
_cANA
999 _c151293
_d151293